000 00814nam a22001817a 4500
003 UA-OsUOA
001 17109
007 ta
008 20040211b un ||||| |||| 00| 0 ukr d
100 _aДжигалов С.
942 _cSA
040 _aUA-OsUOA
_cUA-OsUOA
_dUA-OsUOA
245 _aПодатки до бюджетів та державних цільових фондів повинні сплачуватися незалежно від бажання: [Про підсумки зробленого, аналіз здобутків, формування планів на майбутнє податківців Рівненщини]
300 _aС.3
955 _a0
773 0 _w0
_tВісті Рівненщини
_dРівне
_d2004
_g№10/30 січ./
650 7 _aКраєзнавча робота
_2UDC
999 _c303277
_d303277